[Event "Capablanca Memorial op-A 48th"]
[Site "Havana"]
[Date "2013.04.25"]
[Round "5"]
[White "Castillo Coca, Mairebys"]
[Black "Gil Alba, Hector Luis"]
[Result "0-1"]
[WhiteElo "2094"]
[BlackElo "2236"]
[PlyCount "64"]
[EventDate "2013.04.21"]
[EventType "swiss"]
[EventRounds "10"]
[EventCountry "CUB"]
[SourceTitle "CBM 154 Extra"]
[Source "ChessBase"]
[SourceDate "2013.06.25"]
[SourceVersion "2"]
[SourceVersionDate "2013.06.25"]
[SourceQuality "1"]

1. d4 Nc6 2. Nf3 d6 3. e4 Bg4 4. c3 Nf6 5. h3 Bh5 6. Bd3 e5 7. d5 Nb8 8. Be3 Nbd7 9. Nbd2 Be7 10. 0-0 0-0 11. a4 a5 12. Re1 c6 13. c4 Bg6 14. Rb1 cxd5 15. cxd5 Nxd5 16. Bc4 Nxe3 17. Rxe3 Kh8 18. Bd5 Rb8 19. b4 Nf6 20. Ba2 axb4 21. Rxb4 Nd7 22. Bd5 Nc5 23. Nb3 f6 24. Nh4 Be8 25. Qg4 g6 26. Rg3 Nxb3 27. Rbxb3 f5 28. Nxf5 Bd7 29. Rxb7 Rxb7 30. Bxb7 Bf6 31. Bd5 Qc8 32. Nxd6 Qc1+ 0-1

[Event "Capablanca Memorial op-A 46th"]
[Site "Havana"]
[Date "2011.05.21"]
[Round "10"]
[White "Rasmussen, Karsten"]
[Black "Castillo Coca, Mairebys"]
[Result "1-0"]
[WhiteElo "2434"]
[BlackElo "2087"]
[PlyCount "45"]
[EventDate "2011.05.11"]
[EventType "swiss"]
[EventRounds "10"]
[EventCountry "CUB"]
[SourceTitle "CBM 142 Extra"]
[Source "ChessBase"]
[SourceDate "2011.06.27"]
[SourceVersion "1"]
[SourceVersionDate "2011.06.27"]
[SourceQuality "1"]

1. d4 Nf6 2. c4 c6 3. Nc3 d5 4. Nf3 Bg4 5. Ne5 Bf5 6. cxd5 Nxd5 7. Qb3 Qb6 8. Qxb6 Nxb6 9. e4 Be6 10. Be3 f6 11. d5 Bxd5 12. Bxb6 axb6 13. Nxd5 fxe5 14. Nc7+ Kd8 15. Nxa8 Nd7 16. 0-0-0 Kc8 17. a4 g6 18. Bc4 Bh6+ 19. Kb1 Nc5 20. Nxb6+ Kc7 21. a5 Nxe4 22. Rd7+ Kb8 23. Rhd1 1-0

[Event "Capablanca Memorial op-A 46th"]
[Site "Havana"]
[Date "2011.05.19"]
[Round "8"]
[White "Castillo Coca, Mairebys"]
[Black "Illas Pueyo, Leonardo"]
[Result "1-0"]
[WhiteElo "2087"]
[BlackElo "2310"]
[PlyCount "57"]
[EventDate "2011.05.11"]
[EventType "swiss"]
[EventRounds "10"]
[EventCountry "CUB"]
[SourceTitle "CBM 142 Extra"]
[Source "ChessBase"]
[SourceDate "2011.06.27"]
[SourceVersion "1"]
[SourceVersionDate "2011.06.27"]
[SourceQuality "1"]

1. d4 Nf6 2. Nf3 g6 3. Bg5 Bg7 4. e3 d6 5. Be2 h6 6. Bh4 g5 7. Bg3 Nh5 8. Nbd2 Nxg3 9. hxg3 e6 10. c3 Nd7 11. Qc2 Qe7 12. 0-0-0 Nf6 13. Nh2 Bd7 14. f4 0-0-0 15. e4 Kb8 16. Qb3 Bc6 17. Bd3 d5 18. e5 Nd7 19. Ng4 Nb6 20. Qc2 h5 21. Ne3 f5 22. exf6 Bxf6 23. Nf3 Be8 24. Rde1 gxf4 25. gxf4 c5 26. Nf5 Qf7 27. dxc5 Na4 28. Nd6 Qd7 29. Bb5 1-0

[Event "Capablanca Memorial op-A 46th"]
[Site "Havana"]
[Date "2011.05.17"]
[Round "6"]
[White "Castillo Coca, Mairebys"]
[Black "Lopez Vilier, Luis Angel"]
[Result "1/2-1/2"]
[WhiteElo "2087"]
[BlackElo "2316"]
[PlyCount "118"]
[EventDate "2011.05.11"]
[EventType "swiss"]
[EventRounds "10"]
[EventCountry "CUB"]
[SourceTitle "CBM 142 Extra"]
[Source "ChessBase"]
[SourceDate "2011.06.27"]
[SourceVersion "1"]
[SourceVersionDate "2011.06.27"]
[SourceQuality "1"]

1. d4 Nf6 2. Nf3 d5 3. Bf4 e6 4. e3 c5 5. c3 Qb6 6. Qb3 cxd4 7. exd4 Bd7 8. Nbd2 Bc6 9. Bd3 Nbd7 10. 0-0 Be7 11. Rfe1 0-0 12. h3 Rfc8 13. Ne5 Nxe5 14. Bxe5 Nd7 15. Bf4 Qa5 16. Qc2 Nf8 17. Nb3 Qb6 18. Qe2 a5 19. Rab1 a4 20. Nd2 a3 21. b4 Be8 22. Rbc1 Ng6 23. Bg3 Bg5 24. h4 Bh6 25. h5 Nf4 26. Bxf4 Bxf4 27. g3 Bh6 28. f4 Rc6 29. Kg2 f6 30. Nb3 Qc7 31. Nc5 Bf7 32. Qc2 b6 33. Bxh7+ Kh8 34. b5 Rd6 35. Na6 Qd7 36. Bg6 Bxg6 37. hxg6 Re8 38. Re5 fxe5 39. dxe5 d4 40. exd6 Qxd6 41. cxd4 Qd5+ 42. Kg1 Qxd4+ 43. Qf2 Qd3 44. Kh2 Qxg6 45. Qxb6 Qh5+ 46. Kg1 e5 47. Re1 exf4 48. Rxe8+ Qxe8 49. Qb8 Qxb8 50. Nxb8 fxg3 51. Nd7 Kg8 52. b6 Bf4 53. b7 Kf7 54. b8Q Bxb8 55. Nxb8 Ke6 56. Nc6 Kd5 57. Nb4+ Kc4 58. Nc2 Kc3 59. Nxa3 Kb2 1/2-1/2

[Event "Capablanca Memorial op-A 46th"]
[Site "Havana"]
[Date "2011.05.15"]
[Round "5"]
[White "Garcia Pantoja, Roberto"]
[Black "Castillo Coca, Mairebys"]
[Result "1-0"]
[WhiteElo "2411"]
[BlackElo "2087"]
[PlyCount "59"]
[EventDate "2011.05.11"]
[EventType "swiss"]
[EventRounds "10"]
[EventCountry "CUB"]
[SourceTitle "CBM 142 Extra"]
[Source "ChessBase"]
[SourceDate "2011.06.27"]
[SourceVersion "1"]
[SourceVersionDate "2011.06.27"]
[SourceQuality "1"]

1. e4 c5 2. Nf3 e6 3. d4 cxd4 4. Nxd4 Nc6 5. Nc3 Qc7 6. g3 Nf6 7. Ndb5 Qb8 8. Bf4 Ne5 9. Be2 a6 10. Qd4 d6 11. Rd1 Bd7 12. Nxd6+ Bxd6 13. Qxd6 Qxd6 14. Rxd6 Ng6 15. Be3 Rc8 16. f3 Ne5 17. 0-0 Nc4 18. Bxc4 Rxc4 19. Rfd1 Rc6 20. R6d2 Rc8 21. Bb6 0-0 22. Rxd7 Nxd7 23. Rxd7 Rb8 24. Kf2 Rfc8 25. Bc7 Ra8 26. Na4 Kf8 27. Nb6 Ke8 28. b4 a5 29. b5 a4 30. a3 1-0

[Event "Capablanca Memorial op-A 46th"]
[Site "Havana"]
[Date "2011.05.14"]
[Round "4"]
[White "Castillo Coca, Mairebys"]
[Black "De la Paz Perdomo, Frank"]
[Result "0-1"]
[WhiteElo "2087"]
[BlackElo "2452"]
[PlyCount "46"]
[EventDate "2011.05.11"]
[EventType "swiss"]
[EventRounds "10"]
[EventCountry "CUB"]
[SourceTitle "CBM 142 Extra"]
[Source "ChessBase"]
[SourceDate "2011.06.27"]
[SourceVersion "1"]
[SourceVersionDate "2011.06.27"]
[SourceQuality "1"]

1. e4 e5 2. Bc4 Nf6 3. d3 Nc6 4. c3 Bc5 5. Nf3 d6 6. 0-0 0-0 7. Re1 a6 8. Nbd2 Ba7 9. Bb3 Ng4 10. Re2 Kh8 11. h3 Nh6 12. Nf1 f5 13. Bxh6 gxh6 14. d4 fxe4 15. Rxe4 Bf5 16. Re1 Qf6 17. Bd5 exd4 18. Qd2 dxc3 19. bxc3 Ne5 20. Nxe5 dxe5 21. Bxb7 Rad8 22. Qb2 Rb8 23. Ne3 Bc8 0-1

[Event "CUB-ch (Women)"]
[Site "Ciudad de Holguin"]
[Date "2011.02.04"]
[Round "8"]
[White "Castillo Coca, Mairebys"]
[Black "Llaudy Pupo, Lisandra"]
[Result "1/2-1/2"]
[WhiteElo "2166"]
[BlackElo "2238"]
[PlyCount "86"]
[EventDate "2011.01.28"]
[EventType "swiss"]
[EventRounds "9"]
[EventCountry "CUB"]
[EventCategory "1"]
[SourceTitle "EXT 2012"]
[Source "ChessBase"]
[SourceDate "2011.11.24"]
[SourceVersion "1"]
[SourceVersionDate "2011.11.24"]
[SourceQuality "1"]

1. d4 Nf6 2. Nf3 e6 3. Bf4 b6 4. Nbd2 Bb7 5. h3 Be7 6. e3 0-0 7. Bd3 c5 8. 0-0 Nc6 9. c3 cxd4 10. exd4 Nd5 11. Bh2 f5 12. c4 Nf6 13. a3 Kh8 14. Re1 a6 15. d5 exd5 16. Bxf5 dxc4 17. Nxc4 d5 18. Nce5 Nxe5 19. Nxe5 Bc5 20. Bg3 a5 21. Be6 Qe8 22. Qf3 Ra7 23. Rad1 d4 24. Qb3 Bc8 25. Bc4 a4 26. Qa2 Qh5 27. Nc6 Ra8 28. Nxd4 Rd8 29. Ne2 Rxd1 30. Rxd1 Bb7 31. b4 axb3 32. Qxb3 Ne4 33. Nf4 Qh6 34. Ne6 Re8 35. Nxc5 Nxc5 36. Qb5 Ra8 37. Rd6 Qc1+ 38. Kh2 Ba6 39. Qc6 Bb7 40. Qb5 Ba6 41. Qc6 Bb7 42. Qb5 Ba6 43. Qc6 Bb7 1/2-1/2

[Event "CUB-ch (Women)"]
[Site "Ciudad de Holguin"]
[Date "2011.01.29"]
[Round "2"]
[White "Castillo Coca, Mairebys"]
[Black "Miranda Rodriguez, Tania"]
[Result "0-1"]
[WhiteElo "2166"]
[BlackElo "2129"]
[PlyCount "110"]
[EventDate "2011.01.28"]
[EventType "swiss"]
[EventRounds "9"]
[EventCountry "CUB"]
[EventCategory "1"]
[SourceTitle "EXT 2012"]
[Source "ChessBase"]
[SourceDate "2011.11.24"]
[SourceVersion "1"]
[SourceVersionDate "2011.11.24"]
[SourceQuality "1"]

1. e4 c5 2. Nf3 d6 3. d4 cxd4 4. Nxd4 Nf6 5. Nc3 e6 6. Be3 a6 7. f3 b5 8. Qd2 Nbd7 9. a4 b4 10. Na2 d5 11. Be2 Bb7 12. Nxb4 dxe4 13. 0-0 Ne5 14. c3 Bc5 15. Kh1 exf3 16. Nxf3 Qxd2 17. Bxd2 Nxf3 18. Bxf3 Bxf3 19. Rxf3 Bxb4 20. cxb4 Nd5 21. Rb3 Kd7 22. b5 Rhb8 23. Raa3 axb5 24. axb5 Nc7 25. Bf4 Rxa3 26. Rxa3 Rxb5 27. Ra7 e5 28. Bc1 Rd5 29. Be3 Rd1+ 30. Bg1 Rb1 31. Rb7 e4 32. Rb4 e3 33. Re4 Nd5 34. g4 g5 35. b4 Nf4 36. Rxe3 Rxb4 37. Bf2 Rb2 38. Bg3 Rb1+ 39. Be1 Rd1 40. Kg1 Nd3 41. Kf1 Kd6 42. Rxd3+ Rxd3 43. Ke2 Rb3 44. Bd2 f6 45. Kf2 Kd5 46. Ba5 Ke4 47. Bc7 Rb7 48. Bd6 Rb2+ 49. Kg3 Rd2 50. Be7 Rd3+ 51. Kg2 Ke5 52. Bc5 Kf4 53. Be7 Rd2+ 54. Kg1 Kf3 55. h3 Kg3 0-1

[Event "Havana Province-ch 1st Cat (Women)"]
[Site "Havana"]
[Date "2010.10.28"]
[Round "9"]
[White "Pages Roman, Seidy"]
[Black "Castillo Coca, Mairebys"]
[Result "0-1"]
[WhiteElo "1973"]
[BlackElo "2166"]
[PlyCount "84"]
[EventDate "2010.10.19"]
[EventType "tourn"]
[EventRounds "14"]
[EventCountry "CUB"]
[SourceTitle "EXT 2019"]
[Source "ChessBase"]
[SourceDate "2018.10.10"]
[SourceVersion "1"]
[SourceVersionDate "2018.10.10"]
[SourceQuality "1"]

1. d4 Nf6 2. Nf3 d6 3. e3 c6 4. Bd3 Nbd7 5. c4 e5 6. Nbd2 g6 7. 0-0 Bg7 8. b3 0-0 9. Bb2 Re8 10. Qc2 Qc7 11. Rac1 Nh5 12. c5 exd4 13. Bxd4 Nxc5 14. Bxc5 dxc5 15. Qxc5 Nf6 16. Bc4 h6 17. Bd3 Nd7 18. Qc2 Ne5 19. Nxe5 Qxe5 20. Nf3 Qf6 21. Rfd1 Bg4 22. Be2 Rad8 23. h3 Bf5 24. Bd3 Bxd3 25. Rxd3 Rxd3 26. Qxd3 Rd8 27. Qc4 Qb2 28. a4 Rd5 29. e4 Rd7 30. b4 a6 31. e5 Bxe5 32. Nxe5 Qxe5 33. Qg4 Qd4 34. Qg3 Qxb4 35. Qb8+ Qf8 36. Qf4 Qd8 37. Qxh6 Rd1+ 38. Rxd1 Qxd1+ 39. Kh2 Qd6+ 40. g3 b5 41. axb5 axb5 42. Qe3 b4 0-1

[Event "Havana Province-ch 1st Cat (Women)"]
[Site "Havana"]
[Date "2010.10.21"]
[Round "3"]
[White "Fonte Sanchez, Claudia"]
[Black "Castillo Coca, Mairebys"]
[Result "0-1"]
[WhiteElo "1984"]
[BlackElo "2166"]
[PlyCount "84"]
[EventDate "2010.10.19"]
[EventType "tourn"]
[EventRounds "14"]
[EventCountry "CUB"]
[SourceTitle "EXT 2019"]
[Source "ChessBase"]
[SourceDate "2018.10.10"]
[SourceVersion "1"]
[SourceVersionDate "2018.10.10"]
[SourceQuality "1"]

1. c4 Nf6 2. Nc3 d6 3. g3 c6 4. Bg2 g6 5. Nf3 Bg7 6. 0-0 0-0 7. d3 Nbd7 8. Rb1 e5 9. Nd2 a5 10. a3 Nc5 11. b4 Ne6 12. b5 Bd7 13. a4 Ne8 14. Nf3 f5 15. Qc2 f4 16. Ba3 g5 17. bxc6 bxc6 18. Ne4 g4 19. Nfd2 Nd4 20. Qd1 f3 21. exf3 gxf3 22. Bxf3 Nxf3+ 23. Nxf3 Bg4 24. Ned2 Qf6 25. Kg2 Qf5 26. Qe2 Bh6 27. Qe4 Bh3+ 28. Kg1 Qxe4 29. dxe4 Bxf1 30. Kxf1 Ra7 31. Ke2 Raf7 32. Rf1 c5 33. Bc1 Rb7 34. Ba3 Nf6 35. h3 Nd7 36. g4 Bf4 37. Ra1 Nb6 38. Bc1 Rbf7 39. Kd3 Bxd2 40. Nxd2 Rxf2 41. Kc3 Rh2 42. Bb2 Rxh3+ 0-1

[Event "Capablanca Memorial op 45th"]
[Site "Havana"]
[Date "2010.06.20"]
[Round "10"]
[White "Castillo Coca, Mairebys"]
[Black "Juarez Flores, Carlos Armando"]
[Result "1-0"]
[WhiteElo "2106"]
[BlackElo "2374"]
[PlyCount "55"]
[EventDate "2010.06.10"]
[EventType "swiss"]
[EventRounds "10"]
[EventCountry "CUB"]
[SourceTitle "CBM 137 Extra"]
[Source "ChessBase"]
[SourceDate "2010.09.01"]
[SourceVersion "1"]
[SourceVersionDate "2010.09.01"]
[SourceQuality "1"]

1. d4 d5 2. Nf3 c6 3. Bf4 Qb6 4. Qc1 Bf5 5. e3 e6 6. Nbd2 h6 7. c4 c5 8. Be2 Nc6 9. dxc5 Bxc5 10. a3 d4 11. b4 dxe3 12. fxe3 Bxe3 13. c5 Bxd2+ 14. Nxd2 Qd8 15. Nc4 Nd4 16. Nd6+ Kf8 17. Bd1 Ne7 18. Qb2 Nec6 19. b5 Qf6 20. Ra2 Ne5 21. 0-0 Nd3 22. Qd2 Nxc5 23. Be3 Nxb5 24. Nxf5 exf5 25. Bxc5+ Kg8 26. Qd3 Nc3 27. Bd4 Rd8 28. Rd2 1-0